[Event "BL2 Sued 1920 (Women)"]
[Site "Germany"]
[Date "2019.09.13"]
[Round "5.3"]
[White "Leser, Katrin"]
[Black "Horvath, Maria"]
[Result "0-1"]
[WhiteElo "2024"]
[BlackElo "1966"]
[PlyCount "120"]
[EventDate "2019.09.14"]
[EventType "team-tourn"]
[EventRounds "7"]
[EventCountry "GER"]
[SourceTitle "EXT 2021"]
[Source "ChessBase"]
[SourceDate "2020.10.23"]
[SourceVersion "1"]
[SourceVersionDate "2020.10.23"]
[SourceQuality "1"]
[WhiteTeam "Stuttgart Wolfbusch (W)"]
[BlackTeam "Augsburg (W)"]
[WhiteTeamCountry "GER"]
[BlackTeamCountry "GER"]

1. e4 c5 2. Nf3 Nc6 3. d4 cxd4 4. Nxd4 Qc7 5. Nc3 e6 6. Be3 a6 7. Qd2 Nf6 8. 0-0-0 Bb4 9. f3 d5 10. a3 Bxc3 11. Qxc3 dxe4 12. Nxc6 Qxc6 13. Qxc6+ bxc6 14. fxe4 Nxe4 15. Be2 Bb7 16. Bf3 Nf6 17. Bc5 Rd8 18. Bd6 Nd5 19. Bc5 f6 20. c4 Nf4 21. Rxd8+ Kxd8 22. Rd1+ Kc8 23. Be3 Ng6 24. Rd6 Ne5 25. c5 Nxf3 26. gxf3 Re8 27. h4 e5 28. Kc2 Kc7 29. f4 Bc8 30. fxe5 fxe5 31. Kd2 Bf5 32. Ke2 Be4 33. Rd2 Rf8 34. Bf2 Rf3 35. Bg1 Rh3 36. Bf2 Bd5 37. Be1 Kd7 38. Rd3 Rh2+ 39. Bf2 Ke6 40. Rg3 g6 41. Rg4 Kf5 42. Rb4 h6 43. Rb8 g5 44. hxg5 hxg5 45. Ke3 Rh3+ 46. Kd2 g4 47. Rf8+ Ke4 48. Bg1 g3 49. Rf1 Rh1 50. Re1+ Kf3 51. b4 Bc4 52. a4 g2 53. Kc3 Bf1 54. Be3 e4 55. Kd4 Rh7 56. Ke5 Rd7 57. Bg1 Be2 58. Ke6 Rd2 59. Rb1 Bc4+ 60. Ke5 e3 0-1

[Event "AUT-chT (Women) 1819"]
[Site "Austria"]
[Date "2019.01.20"]
[Round "5.1"]
[White "Horvath, Maria"]
[Black "Moerwald, Magdalena"]
[Result "1-0"]
[WhiteElo "1995"]
[BlackElo "1875"]
[PlyCount "69"]
[EventDate "2018.11.17"]
[EventType "team-swiss"]
[EventRounds "7"]
[EventCountry "AUT"]
[SourceTitle "CBM 189 Extra"]
[Source "ChessBase"]
[SourceDate "2019.06.03"]
[SourceVersion "1"]
[SourceVersionDate "2019.06.03"]
[SourceQuality "1"]
[WhiteTeam "Pamhagen (W)"]
[BlackTeam "Wulkaprodersdorf (W)"]
[WhiteTeamCountry "AUT"]
[BlackTeamCountry "AUT"]

1. d4 Nf6 2. Nf3 g6 3. c4 c5 4. d5 e6 5. Nc3 exd5 6. cxd5 d6 7. h3 Bg7 8. e4 0-0 9. Bd3 a6 10. a4 Nbd7 11. 0-0 Ne8 12. Bg5 Ndf6 13. Qd2 Rb8 14. Rfe1 Nc7 15. Bf1 b5 16. axb5 axb5 17. e5 b4 18. exf6 bxc3 19. bxc3 Bxf6 20. Bxf6 Qxf6 21. Ng5 Qf5 22. c4 Qd7 23. Qf4 f5 24. Ra3 Rb4 25. Qd2 Qg7 26. Rae3 Rb2 27. Qa5 h6 28. Re7 Qd4 29. Nh7 Qxf2+ 30. Kh1 f4 31. Qc3 Ne8 32. Rxe8 Rxe8 33. Rxe8+ Kf7 34. Rf8+ Ke7 35. Qg7# 1-0

[Event "BL2 Sued 1819 (Women)"]
[Site "Germany"]
[Date "2019.01.12"]
[Round "6.2"]
[White "Horvath, Maria"]
[Black "Flach, Helene"]
[Result "1-0"]
[WhiteElo "1985"]
[BlackElo "1809"]
[PlyCount "49"]
[EventDate "2018.10.27"]
[EventType "team-tourn"]
[EventRounds "7"]
[EventCountry "GER"]
[SourceTitle "CBM 190 Extra"]
[Source "ChessBase"]
[SourceDate "2019.07.15"]
[SourceVersion "1"]
[SourceVersionDate "2019.07.15"]
[SourceQuality "1"]
[WhiteTeam "Augsburg (W)"]
[BlackTeam "Langen (W)"]
[WhiteTeamCountry "GER"]
[BlackTeamCountry "GER"]

1. d4 Nf6 2. Nf3 e6 3. e3 d5 4. Bd3 c5 5. b3 Nc6 6. Bb2 Bd6 7. Ne5 0-0 8. a3 Qc7 9. f4 Ne4 10. Nd2 f5 11. 0-0 b6 12. Rf3 Bd7 13. Rh3 Be8 14. Ndf3 Be7 15. Qe1 Nd8 16. Qe2 Nf7 17. Nxf7 Bxf7 18. Ne5 Be8 19. g4 Qd8 20. Kh1 Rc8 21. Rg1 Bh4 22. Bxe4 dxe4 23. g5 cxd4 24. Bxd4 Qe7 25. a4 1-0

[Event "BL2 Sued 1819 (Women)"]
[Site "Germany"]
[Date "2018.10.28"]
[Round "2.3"]
[White "Horvath, Maria"]
[Black "Zimmer, Elke"]
[Result "1-0"]
[WhiteElo "1970"]
[BlackElo "1945"]
[PlyCount "107"]
[EventDate "2018.10.27"]
[EventType "team-tourn"]
[EventRounds "7"]
[EventCountry "GER"]
[SourceTitle "CBM 190 Extra"]
[Source "ChessBase"]
[SourceDate "2019.07.15"]
[SourceVersion "1"]
[SourceVersionDate "2019.07.15"]
[SourceQuality "1"]
[WhiteTeam "Augsburg (W)"]
[BlackTeam "Wadgassen/Differten (W)"]
[WhiteTeamCountry "GER"]
[BlackTeamCountry "GER"]

1. d4 d5 2. Nf3 Nf6 3. e3 c6 4. Bd3 Bg4 5. b3 e6 6. Bb2 Nbd7 7. Nbd2 Be7 8. 0-0 Qc7 9. Qe1 Qa5 10. a3 Bxf3 11. b4 Qc7 12. Nxf3 0-0 13. Ne5 Nxe5 14. dxe5 Nd7 15. f4 f5 16. Rf3 g6 17. Rh3 c5 18. c4 Nb6 19. cxd5 Nxd5 20. Rc1 b6 21. bxc5 Bxc5 22. Bd4 Qe7 23. Bxc5 bxc5 24. Qa5 Rfc8 25. Rf3 Rab8 26. e4 Nb6 27. exf5 gxf5 28. Ba6 Rd8 29. Rfc3 Nd5 30. Rf3 Rb6 31. g3 Rb2 32. Qxc5 Qxc5+ 33. Rxc5 Nb6 34. Rf2 Rd1+ 35. Kg2 Rbb1 36. Bc4 Rg1+ 37. Kh3 Nxc4 38. Rxc4 h5 39. Rc7 a5 40. Rd2 Rb8 41. Ra7 Ra1 42. Rxa5 Rb7 43. Ra6 Kf7 44. Kh4 Re7 45. a4 Rb1 46. Rd8 Rb2 47. h3 Rb3 48. Raa8 Kg6 49. Rg8+ Rg7 50. Rxg7+ Kxg7 51. a5 Ra3 52. a6 Kf7 53. a7 Kg7 54. Re8 1-0

[Event "AUT-chT 1718"]
[Site "Austria"]
[Date "2018.04.07"]
[Round "11.6"]
[White "Horvath, Maria"]
[Black "Rieger, Robert"]
[Result "0-1"]
[WhiteElo "1987"]
[BlackElo "2297"]
[PlyCount "80"]
[EventDate "2017.11.16"]
[EventType "team-tourn"]
[EventRounds "11"]
[EventCountry "AUT"]
[SourceTitle "EXT 2019"]
[Source "ChessBase"]
[SourceDate "2018.10.10"]
[SourceVersion "1"]
[SourceVersionDate "2018.10.10"]
[SourceQuality "1"]
[WhiteTeam "Pamhagen"]
[BlackTeam "Maria Saal"]
[WhiteTeamCountry "AUT"]
[BlackTeamCountry "AUT"]

1. d4 d5 2. Nf3 Nf6 3. e3 c6 4. Bd3 Bg4 5. Nbd2 Nbd7 6. h3 Bh5 7. g4 Bg6 8. Bxg6 hxg6 9. Ne5 Qc8 10. Ndf3 e6 11. Ng5 Nxe5 12. dxe5 Nd7 13. Qd4 Be7 14. Qf4 Bxg5 15. Qxg5 Qc7 16. Bd2 Qxe5 17. Qxe5 Nxe5 18. Ke2 f6 19. Bc3 Nf7 20. h4 Nd6 21. f3 Rd8 22. Rh2 Kf7 23. Rah1 Rh6 24. Bb4 Nc4 25. b3 Ne5 26. Bc3 Nd7 27. Kf2 c5 28. Bd2 Rhh8 29. h5 gxh5 30. Rxh5 Rxh5 31. Rxh5 Rc8 32. Rh1 c4 33. b4 c3 34. Be1 Rc6 35. Ke2 Ra6 36. Bxc3 Rxa2 37. Kd3 Ra3 38. Kd2 Nb6 39. Ra1 Nc4+ 40. Kd3 Ne5+ 0-1

[Event "AUT-chT 1718"]
[Site "Austria"]
[Date "2018.04.05"]
[Round "9.5"]
[White "Horvath, Maria"]
[Black "Durakovic, Alman"]
[Result "0-1"]
[WhiteElo "1987"]
[BlackElo "2286"]
[PlyCount "68"]
[EventDate "2017.11.16"]
[EventType "team-tourn"]
[EventRounds "11"]
[EventCountry "AUT"]
[SourceTitle "EXT 2019"]
[Source "ChessBase"]
[SourceDate "2018.10.10"]
[SourceVersion "1"]
[SourceVersionDate "2018.10.10"]
[SourceQuality "1"]
[WhiteTeam "Pamhagen"]
[BlackTeam "Salzburg Royal"]
[WhiteTeamCountry "AUT"]
[BlackTeamCountry "AUT"]

1. d4 Nf6 2. Nf3 e6 3. e3 c5 4. Bd3 b6 5. 0-0 Bb7 6. Nbd2 Nc6 7. b3 cxd4 8. exd4 Nb4 9. Be2 Nbd5 10. Bb2 Bb4 11. c4 Nf4 12. a3 Be7 13. Re1 Nxe2+ 14. Qxe2 0-0 15. d5 Re8 16. dxe6 dxe6 17. Rad1 Qc7 18. Ne5 Bd6 19. Ndf3 Rad8 20. Qc2 h6 21. h3 Qe7 22. Qc1 Ne4 23. Rd4 f6 24. Ng6 Qf7 25. Nfh4 f5 26. b4 a5 27. Red1 axb4 28. axb4 Qc7 29. Ba3 b5 30. c5 Bh2+ 31. Kf1 Bd5 32. Nf3 Bg3 33. Rxe4 fxe4 34. Nd2 Qf7 0-1

[Event "BL2 Sued 1718 (Women)"]
[Site "Germany"]
[Date "2018.01.28"]
[Round "5.3"]
[White "Horvath, Maria"]
[Black "Liez, Franziska"]
[Result "1-0"]
[WhiteElo "1991"]
[BlackElo "1847"]
[PlyCount "199"]
[EventDate "2017.10.14"]
[EventType "team-tourn"]
[EventRounds "7"]
[EventCountry "GER"]
[SourceTitle "EXT 2019"]
[Source "ChessBase"]
[SourceDate "2018.10.10"]
[SourceVersion "1"]
[SourceVersionDate "2018.10.10"]
[SourceQuality "1"]
[WhiteTeam "Augsburg SG (W)"]
[BlackTeam "Langen (W)"]
[WhiteTeamCountry "GER"]
[BlackTeamCountry "GER"]

1. d4 Nf6 2. c4 e6 3. Nc3 Bb4 4. e3 0-0 5. Nge2 d5 6. a3 Be7 7. c5 Nbd7 8. f4 c6 9. Qc2 a5 10. Rb1 b6 11. b4 bxc5 12. bxc5 Ba6 13. g3 Qc7 14. Bg2 Rfb8 15. 0-0 Bf8 16. Bd2 g6 17. Bf3 Ne8 18. Rxb8 Rxb8 19. Rb1 Ra8 20. Nc1 f6 21. Bg4 f5 22. Bf3 Nef6 23. Nd3 Bxd3 24. Qxd3 Ne4 25. Bxe4 dxe4 26. Qc4 Kf7 27. Na4 Nf6 28. Qb3 Nd5 29. Qb7 Qxb7 30. Rxb7+ Be7 31. Kf2 h6 32. Nb2 Kf6 33. Nc4 a4 34. Ne5 Ra6 35. Nd7+ Kf7 36. Nb8 Ra8 37. Nxc6 Ke8 38. Nb4 g5 39. Nxd5 exd5 40. Rb6 gxf4 41. gxf4 h5 42. Rh6 Kd7 43. Rxh5 Ke6 44. Bb4 Rc8 45. Rh6+ Bf6 46. Rh7 Be7 47. Rg7 Kf6 48. Rg2 Rh8 49. Ke2 Bd8 50. Kd2 Kf7 51. Kc2 Rh3 52. Re2 Rh6 53. Be1 Ke6 54. Kb1 Rh3 55. Bg3 Rh7 56. Rb2 Ba5 57. Kc2 Rg7 58. Rb5 Ra7 59. Rb8 Bc7 60. Rb5 Ra8 61. Be1 Kd7 62. Kd1 Kc6 63. Rb2 Rh8 64. Bg3 Ba5 65. Ke2 Bc7 66. Kf1 Rg8 67. Bh4 Ba5 68. Bg5 Rh8 69. h4 Bc7 70. Rb4 Ba5 71. Rb2 Bc7 72. Kg2 Ba5 73. Kh3 Bc7 74. Bf6 Rh6 75. Bg7 Rh7 76. Rg2 Bd8 77. Rg6+ Kb7 78. Bf6 Ba5 79. Rg7+ Rxg7 80. Bxg7 Bd2 81. h5 Bxe3 82. Kg3 Bc1 83. h6 Bxa3 84. h7 Bc1 85. h8Q a3 86. Qh2 e3 87. Qa2 Kc6 88. Kf3 Bb2 89. Kxe3 Bc1+ 90. Kf3 Bb2 91. Be5 Bc1 92. Qb3 Bb2 93. Ke2 Bc1 94. Kd1 Bb2 95. Kc2 Kd7 96. Kb1 Kc6 97. Ka2 Kd7 98. Qb6 Bc1 99. c6+ Kc8 100. Qb8# 1-0

[Event "AUT-chT (Women) 1718"]
[Site "Austria"]
[Date "2018.01.19"]
[Round "4.5"]
[White "Hackbarth, Christa"]
[Black "Horvath, Maria"]
[Result "0-1"]
[WhiteElo "1836"]
[BlackElo "1987"]
[PlyCount "55"]
[EventDate "2017.11.24"]
[EventType "team-tourn"]
[EventRounds "9"]
[EventCountry "AUT"]
[SourceTitle "EXT 2019"]
[Source "ChessBase"]
[SourceDate "2018.10.10"]
[SourceVersion "1"]
[SourceVersionDate "2018.10.10"]
[SourceQuality "1"]
[WhiteTeam "Steyr (W)"]
[BlackTeam "Pamhagen (W)"]
[WhiteTeamCountry "AUT"]
[BlackTeamCountry "AUT"]

1. d4 Nf6 2. Nf3 g6 3. Bf4 Bg7 4. e3 d6 5. h3 Nbd7 6. c3 0-0 7. Bc4 Qe8 8. 0-0 e5 9. dxe5 dxe5 10. Bh2 a6 11. Nbd2 b5 12. Bb3 Bb7 13. Ng5 h6 14. Ngf3 Rd8 15. Qe2 e4 16. Nh4 Nc5 17. Bxc7 Nxb3 18. Bxd8 Nxa1 19. Nxg6 fxg6 20. Bxf6 Rxf6 21. Rxa1 Rd6 22. Nb3 Bd5 23. Nd4 Bc6 24. Qg4 Kh7 25. b3 Bf6 26. h4 h5 27. Qh3 Qd7 28. g3 0-1

[Event "AUT-chT (Women) 1718"]
[Site "Austria"]
[Date "2017.11.25"]
[Round "2.5"]
[White "Tarmastin, Laura"]
[Black "Horvath, Maria"]
[Result "1-0"]
[WhiteElo "1867"]
[BlackElo "1987"]
[PlyCount "101"]
[EventDate "2017.11.24"]
[EventType "team-tourn"]
[EventRounds "9"]
[EventCountry "AUT"]
[SourceTitle "CBM 181 Extra"]
[Source "ChessBase"]
[SourceDate "2017.12.12"]
[SourceVersion "1"]
[SourceVersionDate "2017.12.12"]
[SourceQuality "1"]
[WhiteTeam "St Veit/Glan (W)"]
[BlackTeam "Pamhagen (W)"]
[WhiteTeamCountry "AUT"]
[BlackTeamCountry "AUT"]

1. e4 c5 2. Nf3 Nc6 3. d4 cxd4 4. Nxd4 Qc7 5. Be3 Nf6 6. Nc3 e6 7. a3 a6 8. Be2 d6 9. 0-0 Be7 10. Qe1 Ne5 11. f3 0-0 12. Rd1 Nc4 13. Bxc4 Qxc4 14. Nb3 b5 15. Qg3 Rd8 16. Bb6 Bd7 17. Rd4 Qc6 18. Bxd8 Rxd8 19. Rfd1 a5 20. Rxd6 Bxd6 21. Qxd6 Qxd6 22. Rxd6 b4 23. axb4 axb4 24. Na4 Rb8 25. Nac5 Be8 26. Na6 Rc8 27. Nxb4 Ba4 28. Nd4 e5 29. Ndc6 Kf8 30. Rd8+ Rxd8 31. Nxd8 Ke7 32. Nb7 Bd7 33. Kf2 Bc8 34. Nc5 Kd6 35. Ncd3 Bb7 36. Ke3 g5 37. c4 Nd7 38. Nd5 h5 39. b4 g4 40. c5+ Ke6 41. Nc3 f5 42. exf5+ Kxf5 43. b5 Nb8 44. Nb4 h4 45. c6 Nxc6 46. bxc6 Bc8 47. Ne4 Be6 48. c7 gxf3 49. gxf3 Bd7 50. c8Q Bxc8 51. Nd6+ 1-0

[Event "AUT-chT 1718"]
[Site "Austria"]
[Date "2017.11.18"]
[Round "3.2"]
[White "Wagner, Dennis"]
[Black "Horvath, Maria"]
[Result "1-0"]
[WhiteElo "2568"]
[BlackElo "1987"]
[PlyCount "107"]
[EventDate "2017.11.16"]
[EventType "team-tourn"]
[EventRounds "11"]
[EventCountry "AUT"]
[SourceTitle "CBM 181 Extra"]
[Source "ChessBase"]
[SourceDate "2017.12.12"]
[SourceVersion "1"]
[SourceVersionDate "2017.12.12"]
[SourceQuality "1"]
[WhiteTeam "Jenbach"]
[BlackTeam "Pamhagen"]
[WhiteTeamCountry "AUT"]
[BlackTeamCountry "AUT"]

1. Nf3 d5 2. e3 e6 3. c4 c6 4. b3 Nf6 5. Bb2 Bd6 6. d4 Ne4 7. Bd3 f5 8. 0-0 0-0 9. Ba3 Bxa3 10. Nxa3 Nd7 11. b4 Qe7 12. Qb3 a6 13. Nc2 b5 14. cxb5 axb5 15. a4 Ba6 16. a5 Nd6 17. Qc3 Nc4 18. Rad1 Qd6 19. Na1 Rae8 20. Nb3 Re7 21. Be2 Bc8 22. Nc1 e5 23. dxe5 Ndxe5 24. Nxe5 Qxe5 25. Qxe5 Nxe5 26. g3 Nc4 27. Bf3 Be6 28. Nb3 g5 29. Rfe1 Bd7 30. Nc5 Be8 31. Ra1 Bg6 32. Bg2 Rfe8 33. Rec1 f4 34. exf4 gxf4 35. a6 fxg3 36. hxg3 Kf7 37. Bh3 Ra8 38. Re1 Ne5 39. Ra3 Kf6 40. Rae3 Be4 41. Bg2 Bf5 42. f4 Ng6 43. Rxe7 Nxe7 44. Bf3 Bc8 45. Kf2 Bxa6 46. Re6+ Kf7 47. Bh5+ Ng6 48. f5 Bc8 49. fxg6+ hxg6 50. Bxg6+ Kg7 51. Rxc6 Bg4 52. Bd3 Ra2+ 53. Ke3 Rb2 54. Rg6+ 1-0

[Event "Admont 4 Lands (Women)"]
[Site "Admont"]
[Date "2017.06.04"]
[Round "2.2"]
[White "Horvath, Maria"]
[Black "Lasinger, Melanie"]
[Result "1-0"]
[WhiteElo "1997"]
[BlackElo "1487"]
[PlyCount "39"]
[EventDate "2017.06.03"]
[EventType "team-tourn"]
[EventRounds "3"]
[EventCountry "AUT"]
[SourceTitle "EXT 2020"]
[Source "ChessBase"]
[SourceDate "2019.10.17"]
[SourceVersion "1"]
[SourceVersionDate "2019.10.17"]
[SourceQuality "1"]
[WhiteTeam "Burgenland (W)"]
[BlackTeam "Oberoesterreich (W)"]
[WhiteTeamCountry "AUT"]
[BlackTeamCountry "AUT"]

1. d4 g6 2. c4 Bg7 3. Nc3 c5 4. d5 d6 5. Qc2 Nf6 6. e4 0-0 7. f4 Nbd7 8. Nf3 Ne8 9. Bd3 Nc7 10. 0-0 e6 11. Bd2 a6 12. a4 Re8 13. e5 exd5 14. exd6 Ne6 15. Nxd5 Nb6 16. Ba5 Nd4 17. Nxd4 Bxd4+ 18. Kh1 Qxd6 19. Nxb6 Bxb2 20. Rab1 1-0

[Event "BL 1617 (Women)"]
[Site "Germany"]
[Date "2017.04.30"]
[Round "10.5"]
[White "Zpevakova, Jana"]
[Black "Horvath, Maria"]
[Result "1-0"]
[WhiteElo "2041"]
[BlackElo "1979"]
[PlyCount "53"]
[EventDate "2016.10.22"]
[EventType "team-tourn"]
[EventRounds "11"]
[EventCountry "GER"]
[SourceTitle "EXT 2018"]
[Source "ChessBase"]
[SourceDate "2017.10.13"]
[SourceVersion "1"]
[SourceVersionDate "2017.10.13"]
[SourceQuality "1"]
[WhiteTeam "Schwaebisch Hall (W)"]
[BlackTeam "Augsburg (W)"]
[WhiteTeamCountry "GER"]
[BlackTeamCountry "GER"]

1. d4 d5 2. c4 c6 3. Nf3 Nf6 4. Nc3 dxc4 5. a4 Bf5 6. Ne5 e6 7. Nxc4 Bb4 8. Bg5 h6 9. Bxf6 Qxf6 10. e3 Nd7 11. a5 0-0 12. Qb3 Qe7 13. Be2 c5 14. 0-0 cxd4 15. exd4 Bxc3 16. bxc3 Be4 17. Ne3 Rac8 18. f3 Bc6 19. c4 Nf6 20. Rfe1 Rfd8 21. Rad1 Qd7 22. Qb2 Qc7 23. Qa1 Qf4 24. Bf1 Rd6 25. Nc2 Qg5 26. Re5 Qh4 27. g3 1-0

[Event "AUT-chT (Women) 1617"]
[Site "Austria"]
[Date "2017.04.22"]
[Round "7.2"]
[White "Horvath, Maria"]
[Black "Kurapova, Olga"]
[Result "1-0"]
[WhiteElo "1952"]
[BlackElo "1937"]
[PlyCount "109"]
[EventDate "2017.01.14"]
[EventType "team-tourn"]
[EventRounds "11"]
[EventCountry "AUT"]
[SourceTitle "EXT 2018"]
[Source "ChessBase"]
[SourceDate "2017.10.13"]
[SourceVersion "1"]
[SourceVersionDate "2017.10.13"]
[SourceQuality "1"]
[WhiteTeam "Pamhagen (W)"]
[BlackTeam "Dornbirn (W)"]
[WhiteTeamCountry "AUT"]
[BlackTeamCountry "AUT"]

1. d4 Nf6 2. c4 g6 3. Nc3 Bg7 4. e4 d6 5. Nf3 0-0 6. Be2 e5 7. 0-0 Bg4 8. d5 c6 9. h3 Bxf3 10. Bxf3 cxd5 11. cxd5 Nbd7 12. Be3 a5 13. a3 Ne8 14. Be2 f5 15. f3 Ndf6 16. b4 Nh5 17. Bb5 Ng3 18. Re1 Nf6 19. Bf2 Nfh5 20. Ne2 fxe4 21. Nxg3 Nxg3 22. Kh2 Nf5 23. Rxe4 Nd4 24. Bd3 Rf4 25. Rxf4 exf4 26. Rc1 Qg5 27. Rc7 Nf5 28. Bxf5 Qxf5 29. b5 Qe5 30. b6 Rb8 31. Qd3 Bf6 32. Rc4 Qg5 33. Qe4 Be5 34. Rc7 Qf6 35. Qc4 Qf5 36. Qb5 Rc8 37. Qxa5 Rxc7 38. bxc7 Qc8 39. Bb6 Kf7 40. Qe1 g5 41. Qe4 Kg7 42. Qc2 Kg8 43. Qa4 Kf7 44. Qa7 Ke7 45. Qb8 Kd7 46. Kg1 Bb2 47. a4 Bc1 48. Kf1 Be3 49. a5 Bd2 50. Ke2 Bc3 51. Kd3 Bb2 52. Ke4 Bc1 53. Kf5 Be3 54. Qxc8+ Kxc8 55. Kxg5 1-0

[Event "AUT-chT (Women) 1617"]
[Site "Austria"]
[Date "2017.03.25"]
[Round "4.3"]
[White "Horvath, Maria"]
[Black "Steiner, Magdalena"]
[Result "1-0"]
[WhiteElo "1952"]
[BlackElo "1727"]
[PlyCount "79"]
[EventDate "2017.01.14"]
[EventType "team-tourn"]
[EventRounds "11"]
[EventCountry "AUT"]
[SourceTitle "EXT 2018"]
[Source "ChessBase"]
[SourceDate "2017.10.13"]
[SourceVersion "1"]
[SourceVersionDate "2017.10.13"]
[SourceQuality "1"]
[WhiteTeam "Pamhagen (W)"]
[BlackTeam "Tschaturanga (W)"]
[WhiteTeamCountry "AUT"]
[BlackTeamCountry "AUT"]

1. d4 Nf6 2. c4 g6 3. Nc3 Bg7 4. e4 d6 5. Nf3 0-0 6. Be2 e5 7. 0-0 Nc6 8. d5 Ne7 9. Ne1 Nd7 10. Nd3 f5 11. f3 f4 12. Bd2 g5 13. a4 a5 14. Nb5 h5 15. h3 Rf6 16. Qc2 Rg6 17. c5 Nf6 18. cxd6 cxd6 19. Qc7 Qxc7 20. Nxc7 Rb8 21. Bxa5 g4 22. hxg4 hxg4 23. Rfc1 gxf3 24. Bxf3 Bg4 25. Kf2 Bxf3 26. gxf3 Rg3 27. Ra3 Rh3 28. Rg1 Nh5 29. Ne6 Rc8 30. Rc3 Ng3 31. Bc7 Nxd5 32. exd5 e4 33. Nxg7 Rh2+ 34. Ke1 Re2+ 35. Kd1 e3 36. Ne6 Rd2+ 37. Kc1 Kh8 38. Ndxf4 Ne2+ 39. Nxe2 Rxe2 40. Bxd6 1-0